000 01128nam a2200265Ii 4500
008 221202s xx 000 0 und d
245 0 _aSolidarity in Europe
246 _aCitizens' Responses in Times of Crisis
264 1 _aBasingstoke
_bSpringer Nature
_c2018
300 _a1 online resource
336 _atext
_btxt
_2rdacontent
337 _acomputer
_bc
_2rdamedia
338 _aonline resource
_bcr
_2rdacarrier
490 _aPalgrave Studies in European Political Sociology
520 _asolidarity in Europe; transnational solidarity; political sociology; citizen responses to crisis; asylum policies; refugee crisis; attitudes towards European Union
653 _aAsylum Policies
653 _aCitizen Responses To Crisis
653 _aPolitical Sociology
653 _aSolidarity In Europe
653 _aTransnational Solidarity
700 1 _aGrasso, Maria T.
700 1 _aLahusen, Christian
856 _uhttps://library.oapen.org/bitstream/20.500.12657/27870/1/1002134.pdfhttps://link.springer.com/book/10.1007/978-3-319-73335-7http://library.oapen.org/handle/20.500.12657/27870
942 _cE-BOOK
999 _c65671
_d65671